Vychystávanie v pohybe

Statické a dynamické vychystávanie tovaru. Dynamický model vychystávania najvhodnejší pre distribučné sklady obchodných reťazcov. Statické vychystávanie vhodné pre farmaceutické sklady. Cross-docking. Špecializovaný softvér - systém pre riadenie skladových operácií (WMS - warehouse management system...

Ausführliche Beschreibung

Gespeichert in:
Bibliographische Detailangaben
1. Verfasser: Brezovský, Jozef
Format: Buchkapitel
Sprache:Slowakisch
Schlagworte:
Tags: Tag hinzufügen
Keine Tags, Fügen Sie das erste Tag hinzu!

MARC

LEADER 00000naa a2200000 4500
001 0117759
005 20231011072422.8
041 0 |a slo 
044 |a CZ 
245 1 0 |a Vychystávanie v pohybe  |c Jozef Brezovský 
520 |a Statické a dynamické vychystávanie tovaru. Dynamický model vychystávania najvhodnejší pre distribučné sklady obchodných reťazcov. Statické vychystávanie vhodné pre farmaceutické sklady. Cross-docking. Špecializovaný softvér - systém pre riadenie skladových operácií (WMS - warehouse management system). Systém a tzv. vizuálne hľadanie artiklov. 
610 2 0 |a skladovanie 
610 2 0 |a sklady 
610 2 0 |a systémy skladové 
610 2 0 |a systémy informačné 
610 2 0 |a manipulácia s tovarom 
610 2 0 |a logistika 
100 1 |a Brezovský, Jozef